Crime and punishment (Record no. 360769)

MARC details
000 -LEADER
fixed length control field 01392nam a22002057a 4500
003 - CONTROL NUMBER IDENTIFIER
control field OSt
005 - DATE AND TIME OF LATEST TRANSACTION
control field 20260422153703.0
008 - FIXED-LENGTH DATA ELEMENTS--GENERAL INFORMATION
fixed length control field 260422b |||||||| |||| 00| 0 eng d
020 ## - INTERNATIONAL STANDARD BOOK NUMBER
International Standard Book Number 9789354403798
040 ## - CATALOGING SOURCE
Transcribing agency AACR-II
082 ## - DEWEY DECIMAL CLASSIFICATION NUMBER
Classification number DOS F
100 ## - MAIN ENTRY--PERSONAL NAME
Personal name Dostoevsky, Fyodor
9 (RLIN) 11742
245 ## - TITLE STATEMENT
Title Crime and punishment
260 ## - PUBLICATION, DISTRIBUTION, ETC.
Place of publication, distribution, etc. New Delhi
Name of publisher, distributor, etc. Fingerprint; Classics
Date of publication, distribution, etc. 2025
300 ## - PHYSICAL DESCRIPTION
Extent 568 p.
520 ## - SUMMARY, ETC.
Summary, etc. This is an exquisite hardbound edition of Fyodor Dostoevsky’s masterpiece—Crime and Punishment. It first appeared in instalments in Russian Messenger in 1866. By this time, Dostoevsky had been orphaned, imprisoned, almost died, lost his wife and his brother. He was also neck-deep in debt. From such a man came the story of the psychological impact of committing a crime. In this book, Raskolnikov murders an old, evil pawnbroker. Good riddance, according to him, since the woman was an oppressor of the weak, and this act allowed him to solve his own financial problems. Yet, it is a crime, and the guilt begins gnaw at him inside, even though he considers himself to be an ‘extraordinary person’ whose actions are above the law. This edition, with gilded edges and beautiful endpapers, is perfect for gifting and will prove to be a valuable addition to any library.
650 ## - SUBJECT ADDED ENTRY--TOPICAL TERM
Topical term or geographic name entry element Fiction
9 (RLIN) 18902
700 ## - ADDED ENTRY--PERSONAL NAME
Personal name Translated by Garnett, Constance
9 (RLIN) 18903
942 ## - ADDED ENTRY ELEMENTS (KOHA)
Source of classification or shelving scheme Dewey Decimal Classification
Koha item type Books
Holdings
Date last seen Total Checkouts Full call number Barcode Price effective from Koha item type Lost status Source of classification or shelving scheme Damaged status Not for loan Withdrawn status Home library Current library Date acquired Cost, normal purchase price
2026-04-22   DOS F 185994 2026-04-22 Books Not Missing Dewey Decimal Classification Not Damaged     Gandhi Smriti Library Gandhi Smriti Library 2026-04-22 799.00

Powered by Koha